000 00624nam a2200181Ia 4500
008 151018s9999 xx 000 0 und d
082 _bRBASDV34828
_a891.463
100 _aअर्ल स्टेनले गार्डनर
245 _aअखेर काय झालं
250 _b1
260 _bमनोवेध
_c2001
300 _a152
600 _aअर्ल स्टेनले गार्डनर
630 _aअखेर काय झालं
700 _aअर्ल स्टेनले गार्डनर
730 _aअखेर काय झालं
942 _cBOOK
999 _c1034313
_d1034310